|
|
|
|
| LEADER |
02889nam a22004935i 4500 |
| 001 |
978-1-4614-6856-1 |
| 003 |
DE-He213 |
| 005 |
20151204185408.0 |
| 007 |
cr nn 008mamaa |
| 008 |
130407s2013 xxu| s |||| 0|eng d |
| 020 |
|
|
|a 9781461468561
|9 978-1-4614-6856-1
|
| 024 |
7 |
|
|a 10.1007/978-1-4614-6856-1
|2 doi
|
| 040 |
|
|
|d GrThAP
|
| 050 |
|
4 |
|a QA76.9.D3
|
| 072 |
|
7 |
|a UN
|2 bicssc
|
| 072 |
|
7 |
|a UMT
|2 bicssc
|
| 072 |
|
7 |
|a COM021000
|2 bisacsh
|
| 082 |
0 |
4 |
|a 005.74
|2 23
|
| 100 |
1 |
|
|a Lehner, Wolfgang.
|e author.
|
| 245 |
1 |
0 |
|a Web-Scale Data Management for the Cloud
|h [electronic resource] /
|c by Wolfgang Lehner, Kai-Uwe Sattler.
|
| 264 |
|
1 |
|a New York, NY :
|b Springer New York :
|b Imprint: Springer,
|c 2013.
|
| 300 |
|
|
|a XV, 193 p.
|b online resource.
|
| 336 |
|
|
|a text
|b txt
|2 rdacontent
|
| 337 |
|
|
|a computer
|b c
|2 rdamedia
|
| 338 |
|
|
|a online resource
|b cr
|2 rdacarrier
|
| 347 |
|
|
|a text file
|b PDF
|2 rda
|
| 505 |
0 |
|
|a Data Cloudification -- Virtualization for Data Management Services -- Transactional Data Management Services for the Cloud -- Web-Scale Analytics for BIG Data -- Cloud-specific Services for Data Management -- Overview and Comparison of Current Database-as-a-Service Systems -- Summary and Outlook.
|
| 520 |
|
|
|a The efficient management of a consistent and integrated database is a central task in modern IT and highly relevant for science and industry. Hardly any critical enterprise solution comes without any functionality for managing data in its different forms. Web-Scale Data Management for the Cloud addresses fundamental challenges posed by the need and desire to provide database functionality in the context of the Database as a Service (DBaaS) paradigm for database outsourcing. This book also discusses the motivation of the new paradigm of cloud computing, and its impact to data outsourcing and service-oriented computing in data-intensive applications. Techniques with respect to the support in the current cloud environments, major challenges, and future trends are covered in the last section of this book. A survey addressing the techniques and special requirements for building database services are provided in this book as well.
|
| 650 |
|
0 |
|a Computer science.
|
| 650 |
|
0 |
|a Computer communication systems.
|
| 650 |
|
0 |
|a Computers.
|
| 650 |
|
0 |
|a Database management.
|
| 650 |
1 |
4 |
|a Computer Science.
|
| 650 |
2 |
4 |
|a Database Management.
|
| 650 |
2 |
4 |
|a Computer Communication Networks.
|
| 650 |
2 |
4 |
|a Information Systems Applications (incl. Internet).
|
| 650 |
2 |
4 |
|a Information Systems and Communication Service.
|
| 700 |
1 |
|
|a Sattler, Kai-Uwe.
|e author.
|
| 710 |
2 |
|
|a SpringerLink (Online service)
|
| 773 |
0 |
|
|t Springer eBooks
|
| 776 |
0 |
8 |
|i Printed edition:
|z 9781461468554
|
| 856 |
4 |
0 |
|u http://dx.doi.org/10.1007/978-1-4614-6856-1
|z Full Text via HEAL-Link
|
| 912 |
|
|
|a ZDB-2-SCS
|
| 950 |
|
|
|a Computer Science (Springer-11645)
|